Jupiler Pro League België 2025/26 Clubs - Statistieken

Algemene statistieken
  • Deze quiz is 95 keer genomen
  • De gemiddelde score is 15 van 16
Antwoordstatistieken
Foto Antwoord % Correct
RSC Anderlecht
100%
Antwerp FC
99%
Cercle Brugge
99%
Club Brugge
96%
KAA Gent
95%
Racing Genk
95%
Union Saint-Gilloise
95%
Standard Liège
93%
Charleroi
90%
KV Mechelen
90%
OH Leuven
86%
Zulte Waregem
86%
Westerlo
84%
Dender EH
83%
La Louvière
83%
Sint-Truiden
83%
Geen overeenkomende quizzen gevonden
Scoreverdeling
Procent van Mensen met Elke Score
Percentiel versus Aantal Correcte Antwoorden
Uw Scoregeschiedenis
U heeft deze quiz nog niet genomen